|
|
|
|
| LEADER |
01014nam a22002777a 4500 |
| 001 |
3655 |
| 003 |
BD-DhAAL |
| 005 |
20141222161344.0 |
| 008 |
141222s1987 caua|||| |||| 00| 0 eng d |
| 020 |
|
|
|a 0883900157
|
| 020 |
|
|
|a 0883900165
|
| 040 |
|
|
|a BD-DhAAL
|c BD-DhAAL
|
| 082 |
|
|
|2 22
|a 658.3124
|
| 245 |
|
|
|a The 1987 annual :
|b developing human resources (The sixteenth annual) /
|c J William Pfeiffer
|
| 260 |
|
|
|a California :
|b University Associates,
|c 1987
|
| 300 |
|
|
|a x, 291 p. :
|b ill. ;
|c 22 cm.
|
| 490 |
|
|
|a Series in human resource development.
|
| 504 |
|
|
|6 Includes bibliographical references.
|
| 541 |
|
|
|e 3655
|
| 650 |
|
|
|a Group relations training.
|9 6957
|
| 650 |
|
|
|a Employees
|x Training of.
|9 6958
|
| 700 |
|
|
|a Pfeiffer, J William
|9 6959
|
| 852 |
|
|
|a Ayesha Abed Library
|
| 942 |
|
|
|2 ddc
|c BK
|
| 999 |
|
|
|c 33341
|d 33341
|
| 952 |
|
|
|0 0
|1 0
|2 ddc
|4 0
|6 658_312400000000000_NIN
|7 0
|9 44532
|a BRACUL
|b BRACUL
|c GEN
|d 2014-12-22
|g 0.00
|l 0
|o 658.3124 NIN
|p 3010003655
|r 2014-12-22
|t 1
|w 2014-12-22
|y BK
|z Not price in Register
|